The road ahead /

Zapisane w:
Opis bibliograficzny
1. autor: Gates, Bill.
Format: Książka
Język:English
Wydane: New York : Penguin, 1996.
Wydanie:Rev. ed.
Hasła przedmiotowe:
Etykiety: Dodaj etykietę
Nie ma etykietki, Dołącz pierwszą etykiete!
Thư viện lưu trữ: Mạng thư viện Đại học Đà Nẵng
LEADER 00982cam a2200385 i 4500
001 000048908
003 8634
005 20041027094355.0
008 010322b1996 vm 000 eng
020 |a 0140243518 
040 |a IRC  |c IRC  |d IRC 
041 0 |a eng 
082 1 4 |a 004.67  |b GA-B 
100 1 |a Gates, Bill. 
245 1 4 |a The road ahead /  |c Bill Gates. 
250 |a Rev. ed. 
260 |a New York :  |b Penguin,  |c 1996. 
300 |a 332 p. ;  |c 19.5 cm. 
630 0 4 |a Information technology. 
630 0 4 |a Computer network. 
630 0 4 |a Information superhighway. 
650 0 4 |a Computer networks. 
650 0 4 |a Information technology. 
650 0 4 |a Information superhighway  |z United States. 
650 0 4 |a Computer industry. 
OWN |a DUT 
999 |a From the UDN01 
TYP |a Monograph 
TYP |a Printed language 
980 |a Mạng thư viện Đại học Đà Nẵng